| 000 | 00554nam a22001817a 4500 | ||
|---|---|---|---|
| 005 | 20241205095655.0 | ||
| 008 | 241205b |||||||| |||| 00| 0 eng d | ||
| 020 | _a9781485138389 | ||
| 041 | _aEnglish | ||
| 082 | _a347.7 SEA | ||
| 100 | _lEnglish | ||
| 245 |
_aPre-Litigation Drafting: Legal opinions, demands and settlements / _cG Searle |
||
| 250 | _aSecond Edition | ||
| 260 |
_aCape Town: _bJuta and Company Ltd, _c2021 |
||
| 300 |
_bix, 170 pages; _c25 cm. |
||
| 650 |
_aLegal practice _bLaw |
||
| 942 |
_cBK _6ALISON_BN_VRIES |
||
| 999 |
_c3278 _d3278 |
||